|
|
|
|
| LEADER |
00000cam a2200000 i 4500 |
| 003 |
Ucuenca |
| 005 |
20230308171604.0 |
| 006 |
a||||gr|||| 001 | |
| 007 |
ta |
| 008 |
008010s2007 ||| |r|||| 001 | spa a |
| 020 |
|
|
|a 9789978671436
|
| 040 |
|
|
|b spa
|a UCuenca-cdrjbv
|c UCuenca
|e rda
|
| 041 |
0 |
|
|a spa
|
| 082 |
0 |
|
|2 21
|a 320
|c 106063
|
| 100 |
1 |
|
|a Albornoz, Belén.
|e editor
|9 62034
|
| 245 |
1 |
0 |
|a Experiencias andinas de gobierno electrónico:
|b la problemática de la participación ciudadana /
|c Belén Albornoz y Martín Rivero, editores.
|
| 250 |
|
|
|a Primera edición.
|
| 264 |
|
1 |
|a Quito:
|b FLACSO Editores,
|c 2007.
|
| 300 |
|
|
|a 321 páginas:
|c 21 cm
|
| 336 |
|
|
|2 rdacontent
|a texto
|b txt
|
| 337 |
|
|
|2 rdamedia
|a no mediado
|b n
|
| 338 |
|
|
|2 rdacarrier
|a volumen
|b nc
|
| 504 |
|
|
|a incl. ref.
|
| 504 |
|
|
|a ii
|
| 650 |
1 |
7 |
|a Ciencia política
|9 8811
|2 UCuenca-cdrjbv
|
| 650 |
1 |
7 |
|a Gobierno electronico
|9 62030
|2 UCuenca-cdrjbv
|
| 650 |
1 |
7 |
|a Participación ciudadana
|9 19443
|2 UCuenca-cdrjbv
|
| 700 |
1 |
|
|9 62035
|a Rivero, Martín
|e editor
|
| 852 |
|
|
|a UC-CDJBV
|f Compra
|l 1
|m General
|p 20080107
|q 15
|r 2
|t 106063
|y 65206
|b 0
|d CDRC
|e CDRC
|g 320 ESTANTERIA CERRADA
|z 2008-80-10
|
| 856 |
|
|
|u http://flacso.edu.ec/docs/gob_electronico.pdf
|z Libro digital
|
| 942 |
|
|
|c BK
|2 ddc
|r diana.fajardo@ucuenca.edu.ec
|
| 999 |
|
|
|c 36720
|d 36720
|